How well do you know Emma Chamberlain? - Statistics

General Stats
  • This quiz has been taken 316 times
  • The average score is 6 of 13
Answer Stats
What category award did Emma win at the 2018 streams awards? Answer % Correct
James Charles , Ethan Dolan and Grayson Dolan are friends with Emma. What does the foursome call each other? Sister Squad
87%
Emma might be dating _______ ? (late 2018) Ethan Dolan
74%
What state is Emma from and currently lives in? California
71%
Who convinced Emma to dye her hair brown? James Charles
70%
Emma , Hannah and Ellie are best friends. What do they call themselves? Girdies
65%
Emma posted her first video in ____ 2017? June
53%
What’s Emma’s middle name? Francis
37%
What category award did Emma win at the 2018 streamy awards? Breakout Creator
34%
What’s Emma’s dads name? Michael Chamberlain
26%
Emma’s skin cleared because of _________? Curology
22%
Who did Emma resemble when she died her hair brown? Megan Fox
19%
what type of coffee machine did Emma buy on Black Friday in 2017? Keurig
10%
What’s the title of Emma’s most popular video? “We all owe the dollar store an apology”
3%
No matching quizzes found
Score Distribution
Percent of People with Each Score
Percentile by Number Answered
Your Score History
You have not taken this quiz